Historia en acción : dinámica en el aula. veinte actividades para abordar las fechas patrias /

Guardado en:
Autor Principal: Sevilla, Fabián
Otros Autores: Sevilla, Ariel
Formato: Libro
Publicado: Buenos Aires : Va con H, 2014
Series:Recursos para docentes
Materias:
Etiquetas: Agregar Etiqueta
Sin Etiquetas, Sea el primero en etiquetar este registro!
LEADER 00944nam a22002415a 4500
001 CEM.cems014604
005 20150512175623.0
008 130507s2014##################000#0#####d
003 CEMS
020 |a 9789871994052 
082 0 4 |a 371.36 
100 1 |a Sevilla, Fabián 
245 1 0 |a Historia en acción :  |b dinámica en el aula. veinte actividades para abordar las fechas patrias /  |c Fabián Sevilla y Ariel Sevilla 
260 |a Buenos Aires :  |b Va con H,  |c 2014 
300 |a 192 p. 
490 0 |a Recursos para docentes 
505 0 |a Historia con acción -- Representaciones gráficas del tiempo -- 24 de Marzo -- 2 de Abril -- 25 de Mayo -- 20 de Junio -- 9 de Julio -- 17 de Agosto -- 11 de Septiembre -- 12 de Octubre -- 20 de Noviembre 
653 |a Educación 
653 |a Formación docente 
653 |a Historia 
653 |a Fechas patrias 
700 1 |a Sevilla, Ariel 
859 |a CEMS  |b BIB. CEMS - 11 de abril  |h 371.36  |i Se84-2  |p 27175.15  |t Ej.1